000 00374pab a2200145 454500
008 180718b2017 xxu||||| |||| 00| 0 eng d
100 _aAlok Prasanna Kumar
245 _aRight to be forgotten in Indian law
260 _c2017
300 _ap.10-11.
362 _a18 Mar
650 _aRight to be forgotten
773 _aEconomic and Political Weekly
909 _a114174
999 _c114168
_d114168